Teología cristológica y mariana: misterios de la vida de Cristo
Պահպանված է:
| Հիմնական հեղինակ: | |
|---|---|
| Ձևաչափ: | Գիրք |
| Լեզու: | իսպաներեն |
| Հրապարակվել է: |
Madrid
Biblioteca de Autores Cristianos
1948
|
| Շարք: | Biblioteca de Autores Cristianos. Teología y Cánones, 3
|
| Խորագրեր: | |
| Ցուցիչներ: |
Ավելացրեք ցուցիչ
Չկան պիտակներ, Եղեք առաջինը, ով նշում է այս գրառումը!
|
MARC
| LEADER | 00000nam a2200000 a 4500 | ||
|---|---|---|---|
| 001 | UCL1185 | ||
| 003 | CL-VaPUC | ||
| 008 | 030905e19480000SP |||||||||||||||||spa|d | ||
| 082 | 0 | 4 | |a 232.9 |b SUA |2 21 |
| 100 | |a Suárez, Francisco, |c S.I. |e author |9 255840 | ||
| 245 | 1 | 0 | |a Teología cristológica y mariana: misterios de la vida de Cristo |
| 300 | |a v | ||
| 942 | |c BK | ||
| 945 | |d 20030905 00:00:00 |a rbrito | ||
| 260 | |a Madrid |b Biblioteca de Autores Cristianos |c 1948 | ||
| 500 | |a v.1: Disputas I-32 | ||
| 600 | 0 | |a Jesús |9 313614 | |
| 650 | 0 | |a Mariología |9 365249 | |
| 650 | 0 | |a Cristología |9 315091 | |
| 650 | 0 | |a Vida de Jesús |9 478097 | |
| 583 | |a last modification |c 20030905 00:00:00 |k Rodrigo Vera | ||
| 490 | 0 | |a Biblioteca de Autores Cristianos. Teología y Cánones, 3 | |
| 999 | |c 304843 |d 304841 | ||
| 952 | |0 0 |1 0 |4 0 |6 232_900000000000000_SUA_1948 |7 0 |8 P |9 367613 |a BIBTEO |b BIBTES |c TEO_FTES |d 2019-11-21 |h v.1 |i 2071711 |o 232.9 SUA 1948 |p 2071711 |r 2024-01-18 |w 2019-11-21 |y BK |k ICR | ||
| 952 | |0 0 |1 0 |4 0 |6 232_900000000000000_SUA_1948 |7 0 |8 P |9 367614 |a BIBTEO |b BIBTES |c TEO_FTES |d 2019-11-21 |h v.3 p.2 |i 2079003 |o 232.9 SUA 1948 |p 2079003 |r 2024-01-18 |w 2019-11-21 |y BK |k ICR | ||